000 00968nam a2200337 a 4500
003 AR-BaBNM
005 20251128210848.0
008 082120s2002 ||||||||||||||000 | spa||
020 _a950-503-309-5
040 _cAR-BaBNM
100 1 _aFrega, Ana Lucía
245 0 0 _aSonido, música y ecoacústica
_bdimensiones educativas del fenómeno sonoro
250 _a1ª ed.
260 _aBuenos Aires
_bMarymar
_c2000
300 _a181 p.
_bgráfs., fot.
500 _aContiene referencias bibliográficas
650 4 _aEDUCACION ARTISTICA
650 4 _aFORMAS MUSICALES
650 4 _aEDUCACION MUSICAL
650 4 _aCOMPOSICION MUSICAL
650 4 _aENSEÑANZA DE LA MUSICA
650 4 _aELEMENTOS MUSICALES
650 4 _aSONIDO
650 4 _aCOMPUTADORAS
653 _aESTRATEGIAS DIDACTICAS
653 _aCONTENIDOS CURRICULARES
700 1 _aFernández Calvo, Diana
700 1 _aRatto, Jorge
_eprologuista
942 _cBK
998 _cRAQUEL
999 _c17210
_d17210